000 00468nam a2200157 i 4500
001 83411
003 ES-MaACL
005 20230906174825.0
007 t|
008 041116s1976 sp ||||1| spa d
245 0 0 _aSíntesis estadística de Galicia /
_cInstituto Nacional de Estadística.
260 _aMadrid :
_b[s.n.],
_c1976.
300 _a479 p. ;
_c29 cm.
710 2 _aInstituto Nacional de Estadística (España)
_95162
852 _aES-MaACL
_jA-5869
_bR.94698
999 _c83411
_d83411